Top 10 Car Brands in the UK - Statistics

General Stats
  • This quiz has been taken 85 times
  • The average score is 6 of 10
Answer Stats
Hint Answer % Correct
127,000 Ford
90%
109,000 BMW
75%
132,000 Volkswagen
72%
110,000 Audi
65%
081,000 Mercedes
64%
102,000 Toyota
64%
083,000 Vauxhall
50%
077,000 Nissan
47%
100,000 Kia
46%
080,000 Hyundai
42%
No matching quizzes found
Score Distribution
Percent of People with Each Score
Percentile by Number Answered
Your Score History
You have not taken this quiz